000 00884nam a22001935i 4500
001 178726
003 ES-MaACL
005 20230906220606.0
008 110613s1974 sp d |||| | spa d
080 _a612.11
100 1 _aAlbos, A. Domingo.
_919420
245 1 0 _aAcción de cetoglutarato de imidazol sobre el funcionalismo plaquetario
_b: datos experimentales y perspectivas clínicas /
_cresumen de la tesis presentada para aspirar al grado de doctor en medicina por Andrés Domingo Albos.
260 _aBarcelona :
_bUniversidad de Barcelona, Secretariado de Publicaciones, Intercambio Científico y Extensión Universitaria :
_b[Ivern],
_c1974.
300 _a14 p. :
_bil. bl. y n. ;
_c24 cm.
500 _aCub. tomada como port.
650 0 4 _aPlaquetas sanguíneas.
_9147030
710 2 _aUniversidad de Barcelona.
_97141
852 _aES-MaACL
_jE-15361 (129)
_xOlim P-1374
999 _c178726
_d178726